All Fire-Type Pokémon moves (SV) - Statistics

General Stats
  • This quiz has been taken 84 times
  • The average score is 36 of 47
Answer Stats
Gen Category Base Power Description Answer % Correct
IV Physical 65 The user bites with flame-cloaked fangs. This may also make the target flinch or leave it with a burn. Fire Fang
100%
I Physical 75 The target is attacked with a fiery punch. This may also leave the target with a burn. Fire Punch
100%
I Special 40 The target is attacked with small flames. This may also leave the target with a burn. Ember
98%
V Special 80 A column of fire hits the target. When used with its grass counterpart, this move's power is boosted and a vast sea of fire appears. Fire Pledge
98%
I Special 35 The user traps the target inside a fierce vortex of fire that inflicts damage for four to five turns. Fire Spin
98%
I Special 90 The target is scorched with an intense blast of fire. This may also leave the target with a burn. Flamethrower
98%
V Physical 50 Cloaking itself in flame, the user attacks the target. Then, building up momentum, the user boosts its Speed stat. Flame Charge
96%
III Physical 85 The user launches a kick that has a heightened chance of landing a critical hit. This may also leave the target with a burn. Blaze Kick
94%
VII Physical 80 The user strikes the target with a burning lash. This also lowers the target's Defense stat. Fire lash
94%
IV Physical 120 The user cloaks itself in fire and charges the target to inflict damage. This also damages the user quite a lot and may leave the target with a burn. Flare Blitz
94%
I Special 110 The target is attacked with an intense blast of all-consuming fire. This may also leave the target with a burn. Fire Blast
90%
III Special 150 The user attacks opposing Pokémon with explosive fury. The lower the user's HP, the lower the move's power. Eruption
88%
III Special 95 The user attacks by exhaling hot breath on opposing Pokémon. This may also leave them with a burn. Heat Wave
88%
III Status - The user shoots a sinister flame at the target to inflict a burn. Will-O-Wisp
88%
V Special 130 The user attacks by engulfing the target in an intense, yet beautiful, blue flame. This may also leave the target with a burn. Blue Flare
85%
VIII Special 70 The user attacks with energy from jealousy. This leaves all opposing Pokémon that have had their stats boosted during the turn with a burn. Burning Jealousy
85%
V Special 100 The user attacks by engulfing the target in an intense fire. This leaves the target with a burn. Inferno
85%
III Special 130 The user attacks the target with all its might. The recoil from this move harshly lowers the user's Sp. Atk stat. Overheat
85%
III Special 150 The target is razed by a fiery explosion. The user can't move on the next turn. Blast Burn
83%
VII Special 130 To inflict massive damage, the user burns itself out. After using this move, the user will no longer be Fire type. Burn Up
83%
V Special 100 The user brings down a giant flame. This move's power is boosted when influenced by an enormous lightning bolt. Fusion Flare
83%
IV Special 100 The user traps the target inside a maelstrom of fire that inflicts damage for four to five turns. Magma Storm
83%
VIII Physical 120 The user attacks by igniting a small stone and launching it as a fiery ball at the target. This may also leave the target with a burn. Pyro Ball
83%
V Special 70 The user attacks the target with a bursting flame. The bursting flame damages Pokémon next to the target as well. Flame Burst
81%
II Physical 60 The user attacks by cloaking itself in fire and charging at the target. This may also leave the target with a burn. Flame Wheel
81%
II Status - The user intensifies the sun for five turns, powering up Fire-type attacks. The sunlight also lowers the power of Water-type attacks. Sunny Day
81%
V Physical - The user slams into the target with its flame-covered body. The more the user outweighs the target, the greater the move's power. Heat Crash
79%
IV Special 80 The user torches everything around it in an inferno of scarlet flames. This may also leave those it hits with a burn. Lava Plume
75%
VI Special 75 The user attacks by breathing a special, hot fire. This also lowers the target's Sp. Atk stat. Mystical Fire
75%
VII Special 150 The user sets a shell trap. If the user is hit by a physical move, the trap will explode and inflict damage on opposing Pokémon. Shell Trap
75%
IX Physical 90 The user focuses its bitter feelings toward the world of the living into a slashing attack. The user's HP is restored by up to half the damage taken by the target. Bitter Blade
73%
V Special 80 Cloaked in flames, the user dances and flaps its wings. This may also boost the user's Sp. Atk stat. Fiery Dance
73%
II Physical 100 The target is razed with a mystical fire of great intensity. This may also leave the target with a burn. Sacred Fire
73%
V Special 60 The user attacks opposing Pokémon with fire. If a Pokémon is holding a certain item, such as a Berry, the item becomes burned up and unusable. Incinerate
71%
V Physical 180 The user emits a hot flame from its forehead and hurls itself at the target to inflict damage. This also lowers the user's Defense, Sp. Def, and Speed stats. V-Create
71%
IX Special 80 The user blows out raging flames as if singing a song, scorching the target. This also boosts the user's Sp. Atk stat. Torch Song
67%
IX Special 120 The user shoots its own armor out as blazing projectiles. This also lowers the user's Defense and Sp. Def stats. Armor Cannon
65%
VIII Physical/Special - This is a Fire-type attack Dynamax Pokémon use. The user intensifies the sun for five turns. Max Flare
65%
VIII Physical/Special - A Fire-type attack that Gigantamax Charizard use. This move continues to deal damage to opponents for four turns. G-Max Wildfire
60%
VII Physical/Special - The user breathes a stream of intense fire toward the target with the full force of its Z-Power. The power varies depending on the original move. Inferno Overdrive
60%
IX Physical 80 This move is only used by a Starmobile. It may burn the opponent. Blazing Torque
58%
VII Special 150 The user attacks everything around it by causing its own head to explode. This also damages the user. Mind Blown
56%
V Special 100 The user torches everything around it in an inferno of scarlet flames. This may also leave those it hits with a burn. Searing Shot
44%
VIII Physical/Special 160 A Fire-type attack that Gigantamax Cinderace use. This move can be used on the target regardless of its Abilities. G-Max Fireball
40%
VIII Physical/Special - A Fire-type attack that Gigantamax Centiskorch use. This move traps opponents in flames for four to five turns. G-Max Centiferno
38%
VIII Physical 120 The user rampages around spewing flames for two to three turns. The user then becomes confused. Raging Fury
29%
VII Physical 60 The user cloaks itself in fire and charges at the target. This also leaves the target with a burn. Sizzly Slide
19%
No matching quizzes found
Score Distribution
Percent of People with Each Score
Percentile by Number Answered
Your Score History
You have not taken this quiz